| 000 | 01240nam a22002417a 4500 | ||
|---|---|---|---|
| 005 | 20120731112045.0 | ||
| 010 | _aB-454631-632 | ||
| 020 |
_a9788173872129 (vol.1) _c1500.00 (vol.1) |
||
| 020 |
_a9788173872136 _c1200.00 (vol.2) |
||
| 035 | _aB-454631-632 | ||
| 037 |
_adpl _bBlueberry Pub/Ven |
||
| 100 |
_aHanda, O.C. _950851 |
||
| 245 |
_aPanorama of Himalayan architecture / _cby O.C.Honda |
||
| 260 |
_aNew Delhi _bIndus Publishing _c2008 |
||
| 270 |
_aFS-5 Tagore Garden _bNew Delhi |
||
| 300 |
_a2v. (280 p.; 192p.) _c23cm _bphotos |
||
| 500 | _ait includes index | ||
| 505 | _av.1--Temples. v.2--Buddhist monasteries, castles & forts, and traditional houses. | ||
| 942 |
_2ddc _cEN _mHAN _h720.954 |
||
| 999 |
_c68807 _d68807 |
||